|
|
|
|
| LEADER |
00000nam0a2200000 4500 |
| 001 |
42511 |
| 005 |
20231031015513.0 |
| 010 |
|
|
|a 502008736X
|
| 035 |
|
|
|a (RuTPU)RU\TPU\book\43775
|
| 090 |
|
|
|a 42511
|
| 100 |
|
|
|a 20020906d2002 m y0rusy50 ca
|
| 101 |
0 |
|
|a rus
|
| 102 |
|
|
|a RU
|
| 105 |
|
|
|a a z 000zy
|
| 200 |
1 |
|
|a Православная вера и традиции благочестия у русских в XVIII-XX веках. Этнографические исследования и материалы
|f Российская академия наук, Институт этнологии и антропологии им. Н. Н. Миклухо-Маклая
|
| 210 |
|
|
|a Москва
|c Наука
|d 2002
|
| 215 |
|
|
|a 469 с.
|c ил.
|
| 610 |
1 |
|
|a религия
|
| 610 |
1 |
|
|a православие
|
| 610 |
1 |
|
|a история
|
| 610 |
1 |
|
|a этнография
|
| 610 |
1 |
|
|a традиции
|
| 610 |
1 |
|
|a благочестие
|
| 610 |
1 |
|
|a 18 век
|
| 610 |
1 |
|
|a 19 век
|
| 610 |
1 |
|
|a 20 век
|
| 610 |
1 |
|
|a обычаи
|
| 610 |
1 |
|
|a обряды
|
| 610 |
1 |
|
|a монастыри
|
| 610 |
1 |
|
|a быт
|
| 610 |
1 |
|
|a сектантство
|
| 610 |
1 |
|
|a дворянство
|
| 610 |
1 |
|
|a крестьяне
|
| 610 |
1 |
|
|a купечество
|
| 610 |
1 |
|
|a армия
|
| 686 |
|
|
|a Э372
|v LBC/SL-A
|2 rubbk
|
| 686 |
|
|
|a Т52(2=411.2)
|v LBC/SL-A
|2 rubbk
|
| 712 |
0 |
2 |
|a Российская академия наук
|b Институт этнологии и антропологии им. Н. Н. Миклухо-Маклая
|2 stltpush
|3 (RuTPU)RU\TPU\col\377
|
| 801 |
|
1 |
|a RU
|b 63413507
|c 20020906
|g PSBO
|
| 801 |
|
2 |
|a RU
|b 63413507
|c 20130507
|g PSBO
|
| 942 |
|
|
|c BK
|